Visualizzazione normale
Vista MARC
- Barbieri Piero (et al.)
di Personal Name
Records bibliografici associati: 1
001 - CONTROL NUMBER
- control field: 61014
003 - CONTROL NUMBER IDENTIFIER
- control field:
005 - DATE AND TIME OF LATEST TRANSACTION
- control field: 20241018120222.0
008 - FIXED-LENGTH DATA ELEMENTS
- fixed length control field: 241018|| aca||aabn | a|a d
040 ## - CATALOGING SOURCE
- Original cataloging agency:
- Transcribing agency:
100 ## - HEADING--PERSONAL NAME
- Personal name: Barbieri Piero (et al.)
670 ## - SOURCE DATA FOUND
- Source citation: Work cat.: ()209457: Barbieri Piero (et al.), Amore fecondo responsabile. A dieci anni dalla Humanae vitae, 1978